| 000 | 00655nam a2200241 a 4500 | ||
|---|---|---|---|
| 001 | 66864 | ||
| 003 | BD-RjUL | ||
| 005 | 20211209081603.0 | ||
| 008 | 161005r19951984ii a|||| b||| 00| 0 eng d | ||
| 020 | _a8120408829 | ||
| 035 | _a(BD-RjUL)66995 | ||
| 040 |
_aBD-RjUL _beng _cBD-RjUL |
||
| 041 | _aeng | ||
| 082 |
_223 _a635.8 _bBAH 1995 |
||
| 100 | 1 |
_aBahl, Nita, _9159472 |
|
| 245 | 1 | 0 |
_aHandbook on mushrooms / _cNita Bahl |
| 250 | _a3rd ed. | ||
| 260 |
_aNew Delhi : _bOxford & IBH Publishing, _c1984[Reprint 1995] |
||
| 300 |
_axi, 157 p. : _bill. ; _c22 cm |
||
| 500 | _aIncludes Index | ||
| 650 |
_aMushroom culture _9159473 |
||
| 942 |
_2ddc _cBK |
||
| 999 |
_c66864 _d66864 |
||